Movie Spoilers Quiz Stats

 Plays Quiz Updated May 31, 2018

Score 0/16 Timer 06:00
0 Plays Today
Spoiler Start Spoiler End % Correct
Darth Vader is...Luke's father
96.3%
Dr. Malcolm Crowe is...a ghost
82.9%
Tyler Durden and Jack are...the same person
78.1%
The Planet of the Apes was...Earth
68.5%
The box contains...Tracy's head
58.9%
The aliens are killed by...water
56.4%
William Parcher, Charles Herman, and Charles' niece are...imaginary
51.5%
Soylent Green is made from...people
47.4%
Spoiler Start Spoiler End % Correct
Rosebud was...his sled
46%
The man James Cole saw killed at the airport was...himself
41.9%
The aliens are killed by...bacteria
33.5%
Judge Doom was actually...a toon
32.5%
Keyser Söze was...Verbal
32.2%
Lester Burnham is killed by...Frank Fitts
28.8%
Dil is actually...a man
27.6%
Katherine is Evelyn Mulwray's...sister and daughter
7.5%

You're not logged in!

Compare scores with friends on all Sporcle quizzes.
OR
Log In

Sporcle TV

Today on Sporcle TV


Watch our educational content, quiz creation guides, and fun videos on Sporcle TV.

Show Comments

Extras

Top Quizzes Today


Score Distribution

Your Account Isn't Verified!

In order to create a playlist on Sporcle, you need to verify the email address you used during registration. Go to your Sporcle Settings to finish the process.

Report this User

Report this user for behavior that violates our Community Guidelines.

Details: